Sports de combat - Statistiques

Statistiques générales
  • Ce quiz a été pris 1 099 fois
  • Le résultat moyen est 10 sur 20
Statistiques - réponses
Reponse % Correct
Judo
90%
Boxe anglaise
88%
Karate
88%
MMA
85%
Lutte
78%
Boxe francaise
75%
Kick boxing
54%
Boxe thailandaise
48%
Taekwondo
47%
Ju jitsu
46%
Muay thai
40%
Aikido
38%
Krav maga
38%
Kung fu
38%
Grappling
31%
Sambo
27%
Capoeira
20%
Full contact
13%
Self defense
11%
Pancrace
3%
Aucun quiz correspondant
Distribution des résultats
% des personnes avec chaque résultat
Percentile par nombre de réponses
Votre historique - résultats
Vous n’avez pas pris ce quiz